00407 2200169 4500001002100000005001500021008004100036035002500077041000800102082000800110090000800118100001800126245004400144250001600188300002300204650001000227INLIS00000000000236220130515125520 ind  a0010-051300000002362 aind aFik aFik aBastian, Tito aRoh Dalam Keraton (Serial Wiro Sableng) aCetakan : 1 a128 hlm. ;17,5 cm. aFiksi